ਪ੍ਰਕਾਸ਼ ਦੀ ਖੌਜ / (Record no. 17494)
[ view plain ]
| 000 -LEADER | |
|---|---|
| fixed length control field | 01119nam a22002777a 4500 |
| 005 - DATE AND TIME OF LATEST TRANSACTION | |
| control field | 20081027121214.0 |
| 008 - FIXED-LENGTH DATA ELEMENTS--GENERAL INFORMATION | |
| fixed length control field | 081027t xxu||||| |||| 00| 0 pnb d |
| 010 ## - LCCN (DPL NO) | |
| LC control number | PUN-5949 |
| 020 ## - INTERNATIONAL STANDARD BOOK NUMBER | |
| Terms of availability | 9.00 |
| International Standard Book Number | 9788182567399 |
| 035 ## - SYSTEM CONTROL NUMBER | |
| System control number | PN-5252 |
| 037 ## - SOURCE OF ACQUISITION | |
| Source of stock number/acquisition | DBAD / PUB |
| 040 ## - CATALOGING SOURCE | |
| Original cataloging agency | dpl |
| Language of cataloging | PNB |
| 082 ## - DEWEY DECIMAL CLASSIFICATION NUMBER | |
| Classification number | 808.88 |
| 100 ## - MAIN ENTRY--PERSONAL NAME | |
| Personal name | ਚਰਨ ਸਿੰਘ |
| 9 (RLIN) | 25657 |
| 245 ## - TITLE STATEMENT | |
| Title | ਪ੍ਰਕਾਸ਼ ਦੀ ਖੌਜ / |
| Remainder of title | ਚਰਨ ਸਿੰਘ |
| 246 ## - VARYING FORM OF TITLE | |
| Title proper/short title | Prakash Di Khoj |
| Remainder of title | by Charan Singh |
| 260 ## - PUBLICATION, DISTRIBUTION, ETC. (IMPRINT) | |
| Place of publication, distribution, etc | ਬਿਆਸ |
| Name of publisher, distributor, etc | ਰਾਧਾਸੁਆਮੀ ਸਤਿਸੰਗ |
| Date of publication, distribution, etc | 2007 |
| 270 ## - ADDRESS | |
| Address | ਰਾਧਾਸੁਆਮੀ ਸਤਿਸੰਗ ਡੇਰਾ ਬਾਬਾ ਜੈਮਲ ਸਿੰਘ |
| City | ਬਿਆਸ |
| 300 ## - PHYSICAL DESCRIPTION | |
| Extent | 335 ਸਫੇ; |
| Other physical details | 22 ਸੇਮੀ ,(ਅਜਿਲਦ) |
| 650 ## - SUBJECT ADDED ENTRY--TOPICAL TERM | |
| Topical term or geographic name as entry element | ਪੰਜਾਬੀ |
| 9 (RLIN) | 25658 |
| 650 ## - SUBJECT ADDED ENTRY--TOPICAL TERM | |
| Topical term or geographic name as entry element | Punjabi |
| 9 (RLIN) | 25659 |
| 700 ## - ADDED ENTRY--PERSONAL NAME | |
| Personal name | |
| 9 (RLIN) | 25660 |
| 700 ## - ADDED ENTRY--PERSONAL NAME | |
| Personal name | |
| 9 (RLIN) | 25661 |
| 942 ## - ADDED ENTRY ELEMENTS (KOHA) | |
| Source of classification or shelving scheme | Dewey Decimal Classification |
| Item type | Punjabi Bks |
| Call number suffix | ਚਰਨ |
| Classification part | 808.88 |
| Withdrawn status | Lost status | Source of classification or shelving scheme | Damaged status | Not for loan | Collection code | Home library | Current library | Date acquired | Source of acquisition | Cost, normal purchase price | Total Checkouts | Full call number | Barcode | Date last seen | Copy number | Cost, replacement price | Koha item type |
|---|---|---|---|---|---|---|---|---|---|---|---|---|---|---|---|---|---|
| Dewey Decimal Classification | Not For Loan | Non-fiction | D.B.Act.Division | D.B.Act.Division | 04/11/2008 | DBAD / PUB | 9.00 | 808.88 ਚਰਨ | PN-5067 | 04/11/2008 | 1 | 9.00 | Punjabi Bks |
